000 00542nam a22001577a 4500
020 _qHard Cover.
082 _a620.1
100 _aAli, Musahib
245 _aTO DEVELOP A METHODOLOGY TO IMPROVE AIR-CONDITIONAINGOF AN OPERATIONAL DATA CENTRE FOR ENERGY EFFICIENCY /
_cMusahib Ali.
260 _aIslamabad :
_bCEME - NUST,
_c2014.
300 _a134 p. : ill. ;
_c30cm.
650 _aMechanical Engineering-MS-Thesis
_916090
700 _aDr. Imran Akhtar
_911136
942 _2ddc
_cPR
999 _c540564
_d540564